000 00306nam a2200121Ia 4500
005 20251223131551.0
008 251219s9999 xx 000 0 und d
041 _aeng
100 _aDickens C
_9214365
245 _aTale of two cities
260 _bRupa Publication/ India
_c1999
300 _a416
_bPaper Back
999 _c369494
_d369494